000 00495 a2200205 4500
001 113212
020 _a9781407124605
041 _apor
090 _aYear 3 [Fic]
100 _aMoon, Emily.
250 _a. ed.
300 _a75 p.
490 _aLittle sparkles
830 _aLittle sparkles
856 _u000023/00002312.jpg
040 _aBR-BrIDEA
_cBR-BrIDEA
245 1 0 _aParty in the castle
_bmagical animal fun!
_c Emily Moon
260 _a[S.l.]
_bScholastic
_c2012
942 _cBK
999 _c113212
_d113212